Loading...
Religious consciousness and life-worlds
| Main Author: | |
|---|---|
| Format: | Printed Book |
| Published: |
Simla, Indian institute of Advanced Study
1988
|
| Subjects: |
| LEADER | 005430000a22001810004500 | ||
|---|---|---|---|
| 020 | |a 81-85182-12-4 | ||
| 082 | |a 200 M8 | ||
| 100 | |a Rukmani, T S; Ed | ||
| 245 | |a Religious consciousness and life-worlds | ||
| 260 | |a Simla, Indian institute of Advanced Study | ||
| 260 | |c 1988 | ||
| 460 | |a 223p | ||
| 465 | |a Rs.175.00 | ||
| 500 | |a ed by T S Rukmani | ||
| 650 | |a Religions | ||
| 942 | |c BK | ||
| 999 | |c 8500 |d 8500 | ||
| 952 | |0 0 |1 0 |4 0 |6 200_000000000000000_M8 |7 0 |8 ENG |9 8294 |a MGUL |b MGUL |d 2013-07-16 |e Rs.175.00 |l 0 |o 200 M8 |p 12067 |r 2019-03-26 |w 2013-07-16 |y BK | ||